| 000 | 003570000a22001570004500 | ||
|---|---|---|---|
| 001 | 002107 | ||
| 003 | MACL | ||
| 040 | _aMACL | ||
| 090 |
_c14100 _d14099 |
||
| 100 | _aGuha, Amalendu | ||
| 245 |
_aDevelopment An Human Ecology _cAmalendu Guha |
||
| 260 |
_aHemendu Bikash Chowdhary, _c1997 |
||
| 350 | _a100 | ||
| 650 | _aSocial Science | ||
| 942 |
_k304 _cBook |
||
| 999 |
_c14023 _d14023 |
||